| 000 | 00581nam a2200133 a 4500 | ||
|---|---|---|---|
| 008 | 091207s2002 ||||||||||||||||| || u | ||
| 050 | _aPAPERS/STAFF | ||
| 100 | _aChilipamushi, D | ||
| 245 | 1 | 0 | _aOSSREA: the 4th workshop for the Zambian Chapter |
| 260 |
_aKitwe _bCopperbelt University, School of Business _c2002 |
||
| 350 | _a0.00 | ||
| 500 | _aThe batch includes other paper presentations by the same Author. | ||
| 995 |
_D0.00 _FCBU-MAIN LIBRARY (Kitwe) _H1 _I0.00 _M1 _UAVAILABLE _WDec 7, 2009 _ZUniversity Collection |
||
| 999 |
_c52956 _d52956 |
||